000 00717nam a2200277Ia 4500
003 OSt
005 20221005052054.0
006 a|||||r|||| 00| 0
007 ta
008 221004b |||||||| |||| 00| 0 eng d
024 _a27542
037 _cTextual
040 _aCRL
_cCRL
_beng
041 _2eng
_aeng
082 _aU8.1, G6
100 _aHuxley Aldous
245 0 _aJesting Pilate; the diary of a journey
260 _aLondon
_bChatto and windus UK
_c1926
300 _a291p.
_ccm.
490 _aPhoenix library
650 _a GEOGRAPHY
650 _a TRAVEL
650 _aAUSTRALIA - GEOGRAPHY
_9596525
942 _hU8.1, G6
_cTEXL
_2cc
999 _c959736
_d959736